[Event "South Normanton Hull op 56th"]
[Site "South Normanton"]
[Date "2019.11.02"]
[Round "2"]
[White "Kasprzyk, Milosz"]
[Black "Fraser, Chris"]
[Result "1-0"]
[WhiteElo "126"]
[BlackElo "121"]
[PlyCount "103"]
[EventDate "2019.11.01"]
[EventType "swiss"]
[EventRounds "5"]
[EventCountry "ENG"]
[SourceTitle "EXT 2025"]
[Source "ChessBase"]
[SourceDate "2024.10.14"]
[SourceVersion "1"]
[SourceVersionDate "2024.10.14"]
[SourceQuality "1"]

1. e4 c5 2. Nc3 g6 3. d4 cxd4 4. Qxd4 Nf6 5. Bf4 Nc6 6. Qe3 d6 7. f3 Bg7 8. Bc4 a6 9. a4 Bd7 10. Nge2 Qc7 11. Bh6 0-0 12. Bxg7 Kxg7 13. Nd5 Qa5+ 14. c3 Qc5 15. Qxc5 dxc5 16. 0-0-0 Nxd5 17. Rxd5 Rfd8 18. Rhd1 Be8 19. b3 Rxd5 20. Rxd5 b6 21. Nf4 Na5 22. Rd2 Nxc4 23. bxc4 Bxa4 24. Nd5 Rb8 25. Rb2 b5 26. cxb5 axb5 27. Nxe7 b4 28. Nd5 b3 29. c4 Rb7 30. Kd2 Bc6 31. Kc3 Ba4 32. Ne3 Rb4 33. Nf1 Rb7 34. Nd2 h5 35. h4 Kf6 36. Nxb3 Rxb3+ 37. Rxb3 Bxb3 38. Kxb3 Ke5 39. Ka4 f5 40. Kb5 fxe4 41. fxe4 Kxe4 42. Kxc5 Kf4 43. Kd4 Kg4 44. c5 Kxh4 45. c6 Kg3 46. c7 Kxg2 47. c8Q g5 48. Qf5 g4 49. Qxh5 g3 50. Ke3 Kg1 51. Kf3 g2 52. Qh6 1-0

[Event "GBR-ch U120 op 105th"]
[Site "Hull"]
[Date "2018.08.01"]
[Round "3"]
[White "Kasprzyk, Milosz"]
[Black "Kelly, Martin"]
[Result "1/2-1/2"]
[WhiteElo "100"]
[BlackElo "115"]
[PlyCount "31"]
[EventDate "2018.07.30"]
[EventType "swiss"]
[EventRounds "5"]
[EventCountry "ENG"]
[SourceTitle "EXT 2021"]
[Source "ChessBase"]
[SourceDate "2020.10.23"]
[SourceVersion "1"]
[SourceVersionDate "2020.10.23"]
[SourceQuality "1"]

1. e4 e5 2. d4 exd4 3. Qxd4 Nc6 4. Qe3 d6 5. Nc3 g6 6. Bd2 Bg7 7. 0-0-0 Bd4 8. Qg3 Be6 9. Nce2 Bb6 10. Bf4 Qf6 11. Be3 Bxe3+ 12. Qxe3 0-0-0 13. Nd4 Nxd4 14. Qxd4 Qxd4 15. Rxd4 Ne7 16. g3 1/2-1/2